Potenciál rozvoja vidieckeho turizmu v rodinných hoteloch diplomová práca

Na minha lista:
Detalhes bibliográficos
Autor principal: Ormandyová, Romana
Autor Corporativo: Obchodná fakulta EU. Katedra služieb a cestovného ruchu - zrušené
Outros Autores: Benčič, Stanislav
Formato: Livro
Idioma:eslovaco
Publicado em: Bratislava 2011
Tags: Adicionar Tag
Sem tags, seja o primeiro a adicionar uma tag!

MARC

LEADER 00000nbm a2200000 4500
001 0132087
005 20161109101748.2
041 0 |a slo 
044 |a SK 
245 1 0 |a Potenciál rozvoja vidieckeho turizmu v rodinných hoteloch  |b diplomová práca  |c Romana Ormandyová ; školiteľ: Stanislav Benčič 
264 1 |a Bratislava  |c 2011 
300 |a 79 s. 
100 1 |a Ormandyová, Romana 
700 1 |a Benčič, Stanislav 
710 2 |a Obchodná fakulta EU. Katedra služieb a cestovného ruchu - zrušené